skbl

Dr Suryya Kumar Bhuyan Library Web-OPAC
ডঃ সূৰ্য্য
কুমাৰ ভূঞা পুথিভঁৰাল ৱেব-অ'পেক

All Research Scholars are advised to clear the annual library fees to continue using Library Resources, Remote Access, Plagiarism Test and Library Clearance.

Cotton University Book Fair 2026

Daryoun Yujanta Bigayani / (Record no. 41826)

MARC details
000 -LEADER
fixed length control field 00535nam a2200193Ia 4500
001 - CONTROL NUMBER
control field 41860
008 - FIXED-LENGTH DATA ELEMENTS--GENERAL INFORMATION
fixed length control field 221209s2004 ii g b000 u asm u
020 ## - INTERNATIONAL STANDARD BOOK NUMBER
International Standard Book Number 81-7665-212-1
082 ## - DEWEY DECIMAL CLASSIFICATION NUMBER
Classification number 923
100 ## - MAIN ENTRY--PERSONAL NAME
Personal name Borgohain, Homen .
245 #0 - TITLE STATEMENT
Title Daryoun Yujanta Bigayani /
Statement of responsibility, etc. Homen Borgohain.
Medium Textual Documents
250 ## - EDITION STATEMENT
Edition statement ist ed /
260 ## - PUBLICATION, DISTRIBUTION, ETC.
Place of publication, distribution, etc. Guwahati :
Name of publisher, distributor, etc. Students Stores ,
Date of publication, distribution, etc. 2004.
300 ## - PHYSICAL DESCRIPTION
Extent 86pg ;
Dimensions 20cm.
653 ## - INDEX TERM--UNCONTROLLED
Uncontrolled term Biography-Daryoun
653 ## - INDEX TERM--UNCONTROLLED
Uncontrolled term G-Biography
856 ## - ELECTRONIC LOCATION AND ACCESS
Uniform Resource Identifier <a href="4th edn----2019 Acc No--06/cu/hbc">4th edn----2019 Acc No--06/cu/hbc</a>
942 ## - ADDED ENTRY ELEMENTS (KOHA)
Source of classification or shelving scheme Dewey Decimal Classification
Koha item type Books
Holdings
Withdrawn status Lost status Damaged status Not for loan Home library Current library Date acquired Coded location qualifier Total checkouts Full call number Barcode Date last seen Copy number Price effective from Koha item type Collection Shelving location Cost, normal purchase price
        Dr. Suryya Kumar Bhuyan Library Dr. Suryya Kumar Bhuyan Library 01/02/2012 00000   923 Ba 23 Da 5474/As 14/01/2024 1 01/02/2012 Books      
        Dr. Suryya Kumar Bhuyan Library Dr. Suryya Kumar Bhuyan Library 01/02/2012 00000   923 Ba 23 Da 06/cu/hbc 14/01/2024 2 01/02/2012 Books     60.00
        Dr. Suryya Kumar Bhuyan Library Dr. Suryya Kumar Bhuyan Library 01/02/2012 00000   923 Ba 23 Da 193/hbc 14/01/2024 3 01/02/2012 Books     60.00
        Dr. Suryya Kumar Bhuyan Library Dr. Suryya Kumar Bhuyan Library 01/02/2012 00000   923 Ba 23 Da 194/hbc 14/01/2024 4 01/02/2012 Books     60.00

Designed and Maintained by Team SKBL
©1901-2026

Powered by Koha